Statistics for Sports 2019 - Multiple Choice

Click here to take the quiz!

General Stats

  • This quiz has been taken 95 times
  • The average score is 7 of 16

Answer Stats

QuestionAnswer% Correct
What team won the Super Bowl 2019?New England Patriots
69%
What driver became World Champion Formula One in 2019?Lewis Hamilton
68%
What team became NBA Champions of 2019?Toronto Raptors
63%
What club won La Liga in 2018/19?FC Barcelona
56%
What club won the UEFA Champions League in 2018-19?Liverpool
54%
What club won the Premier League in 2018-19?Manchester City
53%
What country won the Rugby World Cup 2019?South Africa
52%
What country won the UEFA Nations League 2019?Portugal
45%
What country won the Cricket World Cup 2019?England
44%
What team won the MLB World Series in 2019?Washington Nationals
43%
What player won the NBA MVP Award 2019?Giannis Antetokounmpo
41%
What tennis player won the 2019 Gentlemen's Singles?Novak Djokovic
39%
What country won the FIBA Basketball World Cup 2019?Spain
36%
What team won the NHL Stanley Cup 2019?St. Louis Blues
31%
Who won the Tour de France 2019Egan Bernal
26%
Who won UEFA Men's Player of the Year award 2019?Virgil van Dijk
21%

Score Distribution

Percentile by Number Answered

Percent of People with Each Score

Your Score History

You have not taken this quiz